The invisible medium : (Record no. 160789)
[ view plain ]
| 000 -LEADER | |
|---|---|
| fixed length control field | 00962cam7a220026500 4500 |
| 001 - CONTROL NUMBER | |
| control field | qce00867049 |
| 005 - DATE AND TIME OF LATEST TRANSACTION | |
| control field | 20190826094703.0 |
| 008 - FIXED-LENGTH DATA ELEMENTS--GENERAL INFORMATION | |
| fixed length control field | 750410s1973 dcu eng u |
| 010 ## - LIBRARY OF CONGRESS CONTROL NUMBER | |
| LC control number | 74191682 |
| 035 ## - SYSTEM CONTROL NUMBER | |
| System control number | (Sirsi) r17162 |
| 035 ## - SYSTEM CONTROL NUMBER | |
| System control number | (QCAT)lss00793695 |
| 035 ## - SYSTEM CONTROL NUMBER | |
| System control number | (UPRA)qce00867049 |
| 040 ## - CATALOGING SOURCE | |
| Modifying agency | UPRA |
| 050 ## - LIBRARY OF CONGRESS CALL NUMBER | |
| Classification number | Z265 |
| Item number | .S73 |
| 082 ## - DEWEY DECIMAL CLASSIFICATION NUMBER | |
| Classification number | 016.6864/3 |
| 100 1# - MAIN ENTRY--PERSONAL NAME | |
| Personal name | Spigai, Frances G. |
| Linkage | A75037.1 |
| 245 14 - TITLE STATEMENT | |
| Title | The invisible medium : |
| Remainder of title | the state of the art of microform and a guide to the literature / |
| Statement of responsibility, etc. | by Frances G. Spigai. |
| 260 ## - PUBLICATION, DISTRIBUTION, ETC. | |
| Place of publication, distribution, etc. | Washington : |
| Name of publisher, distributor, etc. | ERIC Clearinghouse on Library and Information Sciences, |
| Date of publication, distribution, etc. | 1973. |
| 504 ## - BIBLIOGRAPHY, ETC. NOTE | |
| Bibliography, etc. note | Includes bibliobgraphical references. |
| 650 #0 - SUBJECT ADDED ENTRY--TOPICAL TERM | |
| Topical term or geographic name entry element | Microforms. |
| Linkage | S6563.1 |
| 650 #0 - SUBJECT ADDED ENTRY--TOPICAL TERM | |
| Topical term or geographic name entry element | Microforms -- Bibliography. |
| General subdivision | Microforms -- Bibliography. |
| Linkage | S16045.1 |
| 710 2# - ADDED ENTRY--CORPORATE NAME | |
| Corporate name or jurisdiction name as entry element | ERIC Clearinghouse on Library and Information Sciences. |
| Linkage | A75038.1 |
| 949 ## - LOCAL PROCESSING INFORMATION (OCLC) | |
| a | Z265 |
| w | lcc |
| i | -12515 |
| m | MAIN |
| t | BOOK |
| l | ON-SHELF |
No items available.